Song of innocence : (Record no. 163722)
[ view plain ]
| 000 -LEADER | |
|---|---|
| fixed length control field | 00571nam a2200181 4500 |
| 005 - DATE AND TIME OF LATEST TRANSACTION | |
| control field | 20190426155814.0 |
| 010 ## - LCCN (DPL NO) | |
| LC control number | ENG-125095 |
| 020 ## - INTERNATIONAL STANDARD BOOK NUMBER | |
| International Standard Book Number | 9789380224060 |
| Terms of availability | 250.00 |
| 035 ## - SYSTEM CONTROL NUMBER | |
| System control number | EN-108627 |
| 037 ## - SOURCE OF ACQUISITION | |
| Source of stock number/acquisition | DBAD/PUB |
| 082 ## - DEWEY DECIMAL CLASSIFICATION NUMBER | |
| Classification number | N |
| 100 ## - MAIN ENTRY--PERSONAL NAME | |
| Personal name | Barnabas, Sarala |
| 245 ## - TITLE STATEMENT | |
| Title | Song of innocence : |
| Remainder of title | a novel second in the Samartha Trilogy sequel to Sakshi/ |
| Statement of responsibility, etc | by Sarala Barnabas |
| 260 ## - PUBLICATION, DISTRIBUTION, ETC. (IMPRINT) | |
| Place of publication, distribution, etc | Jaipur |
| Name of publisher, distributor, etc | Shruti Publications |
| Date of publication, distribution, etc | 2011 |
| 270 ## - ADDRESS | |
| Address | 50-Ka-6, Jyoti Nagar |
| City | Jaipur |
| Postal code | 302005 |
| Electronic mail address | shruti_publications@yahoo.co.in |
| 300 ## - PHYSICAL DESCRIPTION | |
| Extent | 216p. |
| Dimensions | 22cm(pbk) |
| 942 ## - ADDED ENTRY ELEMENTS (KOHA) | |
| Source of classification or shelving scheme | Dewey Decimal Classification |
| Item type | English Books |
| Classification part | N |
| Call number suffix | BAR |
| Withdrawn status | Lost status | Not for loan | Collection code | Home library | Current library | Date acquired | Source of acquisition | Cost, normal purchase price | Full call number | Barcode | Copy number | Cost, replacement price | Koha item type |
|---|---|---|---|---|---|---|---|---|---|---|---|---|---|
| Not For Loan | Fiction | D.B.Act.Division | D.B.Act.Division | 26/04/2019 | DBAD/PUB | 250.00 | N BAR | EN-108627 | 1 | 250.00 | English Books |
